000 01533naa a22003137a 4500
001 BR8901653
003 BR-BrBNA
005 20240918180445.0
007 ta
008 230509b bl.||||| |||| 00| 0 por d
040 _aBR-BrBNA
_bpor
_cBiblioteca Nacional de Agricultura
041 _a(Es)
072 _aP35
_b3830
090 _aP35 BR8901653
100 1 _aLopez, S.C.
100 1 _aBarbaro, N.O.
100 1 _aRojas de Tramontini, S.L.
100 1 _aMartini, O.
111 1 _aSeminario Regional sobre Tecnicas Nucleares na Producao de Plantas Agricolas
_cPiracicaba, SP (Brazil)
_d19-23 Nov 1984
245 1 _aFosforo isotopicamente intercambiable como valor de correccion para isotermas de adsorcion. Aplicaciones agricolas
260 3 _aPiracicaba, SP (Brasil):
_c1984.
500 _aCerri, C.C.; Athie, D. (eds.) Proceedings of the Regional Workshop on Nuclear Techniques in Crop Production. - Anais do Seminario Regional sobre Tecnicas Nucleares na Producao de Plantas Agricolas Piracicaba, SP (Brasil): 1984. p. 229-236 (BR8901653-AM)P35
650 _aFOSFORO
650 _aSOLO
650 _aADSORCAO
773 0 _tProceedings of the Regional Workshop on Nuclear Techniques in Crop Production. - Anais do Seminario Regional sobre Tecnicas Nucleares na Producao de Plantas Agricolas
_aCerri, C.C.; Athie, D. (eds.). Centro de Energia Nuclear na Agricultura, Piracicaba, SP (Brasil)
_wP35 BR8901653
_gPiracicaba, SP (Brasil), 1984. p. 229-236
909 _a202404
_bLucia
_c55
_dLucia Elande
942 _cAM
_2AGRIS
999 _c320462
_d320462